भारतीय स्वतंत्रता संग्राम / (Record no. 33464)

MARC details
000 -LEADER
fixed length control field 01228nam a22002537a 4500
005 - DATE AND TIME OF LATEST TRANSACTION
control field 20100102095829.0
008 - FIXED-LENGTH DATA ELEMENTS--GENERAL INFORMATION
fixed length control field 100102t xxu||||| |||| 00| 0 hin d
010 ## - LCCN (DPL NO)
LC control number HIN-88871
020 ## - INTERNATIONAL STANDARD BOOK NUMBER
Terms of availability 150.00
International Standard Book Number 9788190537315
035 ## - SYSTEM CONTROL NUMBER
System control number HN-61217
037 ## - SOURCE OF ACQUISITION
Source of stock number/acquisition DBAD / PUB
040 ## - CATALOGING SOURCE
Original cataloging agency DPL
Language of cataloging HN
082 ## - DEWEY DECIMAL CLASSIFICATION NUMBER
Classification number 954.0841
100 ## - MAIN ENTRY--PERSONAL NAME
Personal name भार्गव, वी. एस.
9 (RLIN) 6145
245 ## - TITLE STATEMENT
Title भारतीय स्वतंत्रता संग्राम /
Statement of responsibility, etc वी.एस. भार्गव
246 ## - VARYING FORM OF TITLE
Title proper/short title Bhartiya Svatantrata sangram
Remainder of title by V.S. Bhargawa
260 ## - PUBLICATION, DISTRIBUTION, ETC. (IMPRINT)
Place of publication, distribution, etc जयपुर
Name of publisher, distributor, etc गोयल पब्लिशिंग हाउस
Date of publication, distribution, etc 2007
270 ## - ADDRESS
Address 5, बधवार मार्केट, फिल्म कालोनी
City जयपुर
Postal code 302003
300 ## - PHYSICAL DESCRIPTION
Extent 160पृ.
Dimensions 22सेमी (सजिल्द)
650 ## - SUBJECT ADDED ENTRY--TOPICAL TERM
Source of heading or term भारत
General subdivision इतिहास
9 (RLIN) 6146
650 ## - SUBJECT ADDED ENTRY--TOPICAL TERM
Source of heading or term India
General subdivision History
942 ## - ADDED ENTRY ELEMENTS (KOHA)
Source of classification or shelving scheme Dewey Decimal Classification
Item type Hindi Books
Classification part 954.0841
Call number suffix भार्गव
Holdings
Withdrawn status Lost status Source of classification or shelving scheme Damaged status Not for loan Collection code Home library Current library Date acquired Source of acquisition Cost, normal purchase price Total Checkouts Full call number Barcode Date last seen Copy number Cost, replacement price Koha item type
    Dewey Decimal Classification   Not For Loan Non-fiction D.B.Act.Division D.B.Act.Division 02/01/2010 DBAD / PUB 150.00   954.0841 भार्गव HN-61217 02/01/2010 1 150.00 Hindi Books

© Delhi Public Library
Hit Counter
free hit counter